Statistics for Guess the Taylor swift song no hints #7

Click here to take the quiz!

General Stats

  • This quiz has been taken 62 times
  • The average score is 349 of 457

Answer Stats

Answer% Correct
A
100%
a
100%
you
98%
You
98%
you)
98%
you?
98%
I
96%
me
96%
the
96%
an
94%
love
94%
and
93%
And
93%
on
93%
do
91%
it
91%
(it
91%
It
91%
your
91%
(no
89%
that
89%
then
89%
Then
89%
This
89%
this
89%
To
89%
to
89%
don't
87%
Don't
87%
Is
87%
is
87%
it's
87%
(my
87%
my
87%
us
87%
for
85%
in
85%
In
85%
know
85%
of
85%
say
85%
have
83%
Oh
83%
at
81%
by
81%
so
81%
they
81%
They
81%
were
81%
with
81%
(Cause
80%
cause
80%
Cause
80%
get
80%
if
80%
one
80%
was
80%
Like
78%
like
78%
time
78%
ever
76%
I'd
74%
never
74%
right
74%
Why
74%
why
74%
always
72%
just
72%
off
72%
our
72%
up
72%
different)
70%
different
70%
lie
70%
bus
69%
friends
69%
hands
69%
has
69%
Hits
69%
hits
69%
Now
69%
out
69%
some
69%
made
67%
club
65%
down
65%
easy
65%
girl
65%
mess
65%
washed
65%
away?
63%
away
63%
blues
63%
come
63%
cry
63%
cry)
63%
loved
63%
make
63%
Make
63%
Movin
63%
Nothing
63%
street
63%
these
63%
bar
61%
Catastrophic
61%
door?
61%
door
61%
girls
61%
good
61%
heart
61%
need
61%
Or
61%
other
61%
pictured
61%
Shit
61%
shows
61%
waiting
61%
world
61%
Yeah
61%
(yeah)
61%
car
59%
could
59%
felt
59%
hat
59%
heard
59%
take
59%
threw
59%
wrong
59%
Each
57%
hallway
57%
key
57%
needed
57%
once
57%
sadness
57%
til
57%
used
57%
walkin
57%
dream
56%
eyes
56%
guy
56%
shouldn't
56%
someone
56%
song
56%
start
56%
still
56%
turn
56%
while
56%
believed
54%
contagious
54%
contagious)
54%
Dreams
54%
hair
54%
kill
54%
plays
54%
summer
54%
sun
54%
another
52%
burns
52%
coast
52%
enough
52%
feelings
52%
held
52%
main
52%
name
52%
okay?
52%
over
52%
puts
52%
simple
52%
stopped
52%
switch
52%
town
52%
bleeding
50%
Freedom
50%
ghost
50%
hurts
50%
invitations
50%
metaphor
50%
outlaw
50%
sand
50%
sense
50%
skip
50%
wound
50%
artifacts
48%
asshole
48%
find
48%
Kens
48%
melt
48%
wrinkle
48%
Argumentative
46%
Bet
46%
evidence
46%
space
46%
antithetical
44%
band-aid
44%
belief
44%
crease
44%
Rip
44%
slur
44%
trace
44%
Cried
43%
stare
43%
Cursed
41%
recieving
37%
Catastrophic
33%

Score Distribution

Percentile by Number Answered

Percent of People with Each Score

Your Score History

You have not taken this quiz